000 00682nam a2200253 a 4500
001 22431
003 SK-KTurca
005 20260328111230.0
008 240130 xo 000 1 slo d
020 _a9788089482733
040 _aSLLK
_bslo
_cSLLK
_eAACR2
041 0 _aslo
044 _axo
_cSK
072 7 _a821.162.4-3
_xSlovenská próza
_2konspekt
080 _a821.162.4-31
_22001
100 1 _aFartelová, Marta,
_d1977-
245 1 0 _aAnjeli neplačú
_cMarta Fartelová
250 _a2. vyd.
260 _aBratislava
_bMotýľ
_c2012
300 _a245 s.
_c21 cm
655 7 _aslovenské romány
_2SNKPH
655 7 _aSlovak fiction
_2SNKPHeng
942 _2ddc
_cKLDO
_n0
999 _c22431
_d22431